1567 1164 1820 1605 1626 1405 1963 1935 1766 1751 1968 1808 1973 1183 1855 1802 1152 1258 1232 1804 1155 1346 1155 1330 1988 1959 1077 1704 1044 1669 1077 1321 1436 1201 1443 1528 1215 1716 1154 1291 1126 1096 1016 1253 1688 1961 1394 1995 1861 1499 1201 1902 1901 1786 1663 1197 1327 1993 1094 1404 1168 1548 1646 1392 1739 1810 1919 1355 1329 1876 1218 1781 1366 1889 1019 1242 1658 1751 1333 1809 1034 1011 1329 1773 1508 1650 1720 1272 1204 1546 1454 1411 1580 1414 1304 1985 1841 1291 1362 BCNSPRNW ULIB Ver.6.0+V

เปลี่ยนเป็นภาษาไทย

Change to English
 แสดงรายละเอียดบรรณานุกรม
  กลับหน้าหลัก

Brief Record : Get Marc (ISO 2709) : E-mail record : QR code < ปิดหน้าต่าง
LEADER : 00000nam 2200000uu 4500
001    13399108075
003     ULIB
008    110216s2553||||th 000 0 tha d
020    9789749781456
060  4 WA525^bว169ก 2553
110 1  มหาวิทยาลัยหัวเฉียว^bคณะพยาบาลศาสตร์
245 10 การสร้างเสริมสุขภาพ:แนวคิดหลักการและการประยุกต์ใช้ในการปฏิบัติการพยาบาล=^bHealth promotion:Concepts principles,andapplications in nursing practice/^cวนิดา ดุรงค์ฤทธิชัย
246 31 Health promotion:Concepts principles,andapplications in nursing practice
250    พิมพ์ครั้งที่ 2
260    สมุทรปราการ:^bโครงการสำนักพิมพ์มหาวิทยาลัยหัวเฉียวเฉลิมพระเกียรติ,^c2553
300    342 หน้า
650  7 กลยุทธ์การสร้างเสริมสุขภาพ
650  7 กลยุทธ์การสอนทางสุขภาพ
650  7 การสร้างเสริมสุขภาพ
650  7 แนวคิดการสร้างเสริมสุขภาพ
700 0  วนิดา ดุรงค์ฤทธิชัย
700 0  จริยาวัตร คมพยัคฆ์
700 0  ภัทรา เล็กวิจิตรธาดา
700 0  อัจฉรา จินายน
700 0  กันยา สุวรรณคีรีขันธ์
945    ^p320^l0^i028587
945    ^p320^l0^i028586
945    ^p320^l0^i028585
945    ^p320^l0^i028584
945    ^p320^l0^i028582
945    ^p320^l0^i028580
945    ^p320^l0^i028579
945    ^p320^l0^i028583
945    ^p320^l0^i028581
945    ^p320^l0^i028578
995    ทศพร
999 ^a ใช้งานได้ทุกระบบ
รายการนี้ยังไม่มีแท็ก
คุณยังไม่ได้ล็อกอิน คุณสามารถมีกิจกรรมร่วมกับเว็บไซต์ได้ แต่ต้องล็อกอินก่อน ::
  ล็อกอิน

รายการสื่อสารสนเทศ

ลำดับที่ ประเภท เลขเรียก/บาร์โค้ด สถานที่ สถานะ
1. วิทยาศาสตร์การแพทย์ และสุขภาพ
หนังสือสำรอง
สถานะ=หนังสือสำรอง
WA525 ว169ก 2553 ฉ.1 
  Barcode: 028578
ห้องสมุดวิทยาเขตสวรรค์ประชารักษ์
►ส่วนจัดเก็บหนังสือเก่า สปร
บนชั้น
  ขอยืม
2. วิทยาศาสตร์การแพทย์ และสุขภาพ
วิทยาศาสตร์การแพทย์ และสุขภาพ
WA525 ว169ก 2553 ฉ.10 
  Barcode: 028587
ห้องสมุดวิทยาเขตสวรรค์ประชารักษ์
►ส่วนจัดเก็บหนังสือเก่า สปร
บนชั้น
  ขอยืม
3. วิทยาศาสตร์การแพทย์ และสุขภาพ
วิทยาศาสตร์การแพทย์ และสุขภาพ
WA525 ว169ก 2553 ฉ.2 
  Barcode: 028579
ห้องสมุดวิทยาเขตสวรรค์ประชารักษ์
►ส่วนจัดเก็บหนังสือเก่า สปร
บนชั้น
  ขอยืม
4. วิทยาศาสตร์การแพทย์ และสุขภาพ
วิทยาศาสตร์การแพทย์ และสุขภาพ
WA525 ว169ก 2553 ฉ.3 
  Barcode: 028580
ห้องสมุดวิทยาเขตสวรรค์ประชารักษ์
►ส่วนจัดเก็บหนังสือเก่า สปร
บนชั้น
  ขอยืม
5. วิทยาศาสตร์การแพทย์ และสุขภาพ
วิทยาศาสตร์การแพทย์ และสุขภาพ
WA525 ว169ก 2553 ฉ.4 
  Barcode: 028581
ห้องสมุดวิทยาเขตสวรรค์ประชารักษ์
►ส่วนจัดเก็บหนังสือเก่า สปร
บนชั้น
  ขอยืม
6. วิทยาศาสตร์การแพทย์ และสุขภาพ
วิทยาศาสตร์การแพทย์ และสุขภาพ
WA525 ว169ก 2553 ฉ.5 
  Barcode: 028582
ห้องสมุดวิทยาเขตสวรรค์ประชารักษ์
►ส่วนจัดเก็บหนังสือเก่า สปร
บนชั้น
  ขอยืม
7. วิทยาศาสตร์การแพทย์ และสุขภาพ
วิทยาศาสตร์การแพทย์ และสุขภาพ
WA525 ว169ก 2553 ฉ.6 
  Barcode: 028583
ห้องสมุดวิทยาเขตสวรรค์ประชารักษ์
►ส่วนจัดเก็บหนังสือเก่า สปร
บนชั้น
  ขอยืม
8. วิทยาศาสตร์การแพทย์ และสุขภาพ
วิทยาศาสตร์การแพทย์ และสุขภาพ
WA525 ว169ก 2553 ฉ.7 
  Barcode: 028584
ห้องสมุดวิทยาเขตสวรรค์ประชารักษ์
►ส่วนจัดเก็บหนังสือเก่า สปร
บนชั้น
  ขอยืม
9. วิทยาศาสตร์การแพทย์ และสุขภาพ
วิทยาศาสตร์การแพทย์ และสุขภาพ
WA525 ว169ก 2553 ฉ.8 
  Barcode: 028585
ห้องสมุดวิทยาเขตสวรรค์ประชารักษ์
►ส่วนจัดเก็บหนังสือเก่า สปร
บนชั้น
  ขอยืม
10. วิทยาศาสตร์การแพทย์ และสุขภาพ
วิทยาศาสตร์การแพทย์ และสุขภาพ
WA525 ว169ก 2553 ฉ.9 
  Barcode: 028586
ห้องสมุดวิทยาเขตสวรรค์ประชารักษ์
►ส่วนจัดเก็บหนังสือเก่า สปร
บนชั้น
  ขอยืม

รายการใกล้เคียง
    หัวเรื่อง [การสร้างเสริมสุขภาพ]

BibComment


ยังไม่เคยถูกคอมเมนท์

คอมเมนท์ทรัพยากรรายการนี้
  คอมเมนท์: การสร้างเสริมสุขภ..


 Copyright 2026. Bcnsprnw @Library